1063 1639 1007 1125 1858 1954 1258 1606 1899 1848 1117 1486 1417 1860 1892 1135 1446 1239 1841 1763 1330 1764 1541 1165 1639 1968 1430 1768 1949 1041 1518 1796 1952 1417 1401 1490 1897 1320 1623 1877 1499 1018 1297 1775 1415 1086 1994 1897 1918 1737 1494 1050 1480 1829 1856 1366 1549 1282 1171 1091 1873 1519 1059 1811 1729 1295 1774 1614 1716 1357 1147 1926 1107 1542 1265 1866 1811 1004 1800 1848 1363 1752 1488 1390 1809 1776 1471 1653 1911 1858 1828 1314 1107 1509 1134 1437 1499 1634 1555 BCNSPRNW ULIB Ver.6.0+V

เปลี่ยนเป็นภาษาไทย

Change to English
 แสดงรายละเอียดบรรณานุกรม
  กลับหน้าหลัก

Brief Record : Get Marc (ISO 2709) : E-mail record : QR code < ปิดหน้าต่าง
LEADER : 00000nam 2200000uu 4500
001    13399123878
003     ULIB
008    141212s2555||||th 000 0 tha d
020    ^a9786165051859
050  4 ^aCB195^bส747อ ล.3
110 2  ^aมหาวิทยาลัยสุโขทัยธรรมาธิราช.^bสาขาวิชาศิลปศาสตร์
245 10 ^aเอกสารการสอนชุดวิชาอารยธรรมมนุษย์ =^bHuman civilizationหน่วยที่11-115 /^cสาขาวิชาศิลปศาสตร์มหาวิทยาลัยสุโขทัยธรรมาธิราช
246 30 ^aอารยธรรมมนุษย์
250    พิมพ์ครั้งที่ 6(ฉบับปรับปรุงครั้งที่3)
260    ^aนนทบุรี :^bสาขาวิชาศิลปศาสตร์ มหาวิทยาลัยสุโขทัยธรรมาธิราช,^c2555
300    3 เล่ม :^bภาพประกอบ, แผนที่
505 0  ^aล.3 หน่วยที่ 11-15
650  7 ^aประวัติศาสตร์โลก
650  7 ^aอารยธรรม
945    ^p250^l0^i22485
945    ^p250^l0^i22486
945    ^p250^l0^i22487
945    ^p250^l0^i22488
945    ^p250^l0^i22489
945    ^p250^l0^i22490
945    ^p250^l0^i22491
945    ^p250^l0^i22492
999    ^aทศพร เกษรทอง
รายการนี้ยังไม่มีแท็ก
คุณยังไม่ได้ล็อกอิน คุณสามารถมีกิจกรรมร่วมกับเว็บไซต์ได้ แต่ต้องล็อกอินก่อน ::
  ล็อกอิน

รายการสื่อสารสนเทศ

ลำดับที่ ประเภท เลขเรียก/บาร์โค้ด สถานที่ สถานะ
1. การศึกษาทั่วไป
หนังสือสำรอง
สถานะ=หนังสือสำรอง
CB195 ส747อ ล.3 ฉ.1 
  Barcode: 22485
ห้องสมุดวิทยาเขตนครสวรรค์
►ส่วนจัดเก็บหนังสือเก่า นว.
บนชั้น
  ขอยืม
2. การศึกษาทั่วไป
การศึกษาทั่วไป
CB195 ส747อ ล.3 ฉ.2 
  Barcode: 22486
ห้องสมุดวิทยาเขตนครสวรรค์
►ส่วนจัดเก็บหนังสือเก่า นว.
บนชั้น
  ขอยืม
3. การศึกษาทั่วไป
การศึกษาทั่วไป
CB195 ส747อ ล.3 ฉ.3 
  Barcode: 22487
ห้องสมุดวิทยาเขตนครสวรรค์
►ส่วนจัดเก็บหนังสือเก่า นว.
บนชั้น
  ขอยืม
4. การศึกษาทั่วไป
การศึกษาทั่วไป
CB195 ส747อ ล.3 ฉ.4 
  Barcode: 22488
ห้องสมุดวิทยาเขตนครสวรรค์
►ส่วนจัดเก็บหนังสือเก่า นว.
บนชั้น
  ขอยืม
5. การศึกษาทั่วไป
การศึกษาทั่วไป
CB195 ส747อ ล.3 ฉ.5 
  Barcode: 22489
ห้องสมุดวิทยาเขตนครสวรรค์
►ส่วนจัดเก็บหนังสือเก่า นว.
บนชั้น
  ขอยืม
6. การศึกษาทั่วไป
การศึกษาทั่วไป
CB195 ส747อ ล.3 ฉ.6 
  Barcode: 22490
ห้องสมุดวิทยาเขตนครสวรรค์
►ส่วนจัดเก็บหนังสือเก่า นว.
บนชั้น
  ขอยืม
7. การศึกษาทั่วไป
การศึกษาทั่วไป
CB195 ส747อ ล.3 ฉ.7 
  Barcode: 22491
ห้องสมุดวิทยาเขตนครสวรรค์
►ส่วนจัดเก็บหนังสือเก่า นว.
บนชั้น
  ขอยืม
8. การศึกษาทั่วไป
การศึกษาทั่วไป
CB195 ส747อ ล.3 ฉ.8 
  Barcode: 22492
ห้องสมุดวิทยาเขตนครสวรรค์
►หนังสือทั่วไป:l:General Books
บนชั้น

รายการใกล้เคียง
    หัวเรื่อง [ประวัติศาสตร์โลก]
    หัวเรื่อง [อารยธรรม]

BibComment


ยังไม่เคยถูกคอมเมนท์

คอมเมนท์ทรัพยากรรายการนี้
  คอมเมนท์: เอกสารการสอนชุดว..


 Copyright 2026. Bcnsprnw @Library